Statistiken für Fußball-Weltmeisterschaft 2018 Quiz

Klicken Sie hier um das Quiz zu spielen!

Allgemein

  • Dieses Quiz wurde 2,403 mal gespielt
  • Das Durchschnittsergebnis liegt bei 25 aus 32

Antwortstatistiken

Gruppe Team % Korrekt
Gruppe FDeutschland
99%
Gruppe BSpanien
96%
Gruppe CFrankreich
96%
Gruppe ARussland
95%
Gruppe EBrasilien
95%
Gruppe FSchweden
94%
Gruppe DArgentinien
94%
Gruppe BPortugal
92%
Gruppe GEngland
91%
Gruppe FSüdkorea
90%
Gruppe FMexiko
90%
Gruppe HJapan
89%
Gruppe GBelgien
86%
Gruppe HPolen
83%
Gruppe DKroatien
83%
Gruppe CAustralien
82%
Gruppe ESchweiz
81%
Gruppe DIsland
79%
Gruppe AÄgypten
76%
Gruppe AUruguay
75%
Gruppe HKolumbien
75%
Gruppe CDänemark
72%
Gruppe DNigeria
70%
Gruppe ASaudi-Arabien
70%
Gruppe BIran
68%
Gruppe CPeru
68%
Gruppe ESerbien
66%
Gruppe BMarokko
64%
Gruppe GPanama
61%
Gruppe ECosta Rica
56%
Gruppe HSenegal
56%
Gruppe GTunesien
54%

Verteilung der Resultate

Perzentil nach korrekt beantworteten Fragen

Anzahl Personen mit jedem Resultat

Ihre Resultats-Entwicklung

Sie haben dieses Quiz noch nicht gespielt